LEADER 01204nam a2200265 u 4500 001 000000061317 003 CaOOAMICUS 005 20070226121018.0 008 010905s1995 nyud u000 u eng u 020 $a002933795X 035 $a10901365 040 $aPUL(R)$bita 100 1 $aWattenberg, Ben J.$0(OLS)http://pul/name/41827 245 10$aValues matter most :$bhow republicans or democrats or a third party can win and renew the America way of life /$cBen J. Wattenberg. 260 $aNew York :$bFree Press,$cc1995. 300 $a426 p. :$bdiagr. ;$c24 cm 500 $aComprende indice. 504 $aBibliografia in nota. 651 4$aStati Uniti$xPolitica e governo$ySec. XX.$0(OLS)http://pul/subject/20681 850 $aPUL 852 $aPUL$W1$xSL Religione 2$y84$mRH D3 2$j79900$nBK-PRI$b $qStampati altre collocazioni$B79900$CPULBib$Z2$F79900 $H $81 941 1 $a10 996 $6020$a002933795X$9(OLS)http://pul/number/79441 996 $6245$aValues matter most :$bhow republicans or democrats or a third party can win and renew the America way of life$9(OLS)http://pul/title/81862 996 $6260$aNew York :$bFree Press$9(OLS)http://pul/publisher/70023 LEADER 01485nam a2200325 u 4500 001 000000079593 003 CaOOAMICUS 005 20070226123545.0 008 040608s1999 inu u000 u eng u 020 $a0966922611 035 $a10998246 040 $aPUL$bita 245 04$aThe failure of modernism :$bthe cartesian legacy and contemporary pluralism /$cedited by Brendan Sweetman. 260 $aMishawaka :$bAmerican Maritain Association,$cc1999. 300 $a269 p. ;$c23 cm 490 1 $aAmerican Maritain Association publications 500 $aIndice : p. 267-269. 504 $aBibliografia in appendice. 600 14$aMaritain, Jacques,$d1882-1973.$0(OLS)http://pul/subject/551 600 14$aDescartes, René,$d1596-1650.$0(OLS)http://pul/subject/2595 650 4$aFilosofia moderna.$0(OLS)http://pul/subject/703 700 1 $aSweetman, Brendan.$0(OLS)http://pul/name/53013 830 0$aAmerican Maritain Association publications.$0(OLS)http://pul/title/104236 850 $aPUL 852 $aPUL$W1$xSL Filosofia 3$y81$m149. 9 SWEBR 1$j101823$nBK-PRI$qDDC 21$B101823$CPULBib$Z2$F101823 $H94684 $82 941 1 $a9 960 $aCartesio,$d1596-1650$92595 996 $6020$a0966922611$9(OLS)http://pul/number/104742 996 $6245$aThe failure of modernism :$bthe cartesian legacy and contemporary pluralism$9(OLS)http://pul/title/104235 996 $6260$aMishawaka :$bAmerican Maritain Association$9(OLS)http://pul/publisher/75670